000 00728nam a2200253Ia 4500
003 OSt
005 20221007110456.0
006 a|||||r|||| 00| 0
007 ta
008 221006b |||||||| |||| 00| 0 eng d
020 _a0297766562
024 _a21,202
037 _cTextual
040 _aLCO
_cLCO
_beng
041 _2eng
_aeng
082 _aY11:45 0bZ4653,8, L2
100 _aReifen David
_9707541
245 0 _aJuvenile Court in a Changing Society
_b Young offenders in Israel
260 _aLondon
_bWeidenfeld and Nicolson U.K.
_c1972
300 _a214
650 _aJUVENILE COURT
_9685562
942 _hY11:45 0bZ4653,8, L2
_cTEXL
999 _c1190765
_d1190765